| 000 | 004890000a22001810004500 | ||
|---|---|---|---|
| 999 |
_c48707 _d48707 |
||
| 001 | 1547 | ||
| 003 | CO-MdFUSB | ||
| 005 | 20171115181034.0 | ||
| 008 | 171115b xxu||||| |||| 00| 0 eng d | ||
| 020 | _a968-16-5462-5 | ||
| 040 | _cCO-MdBIC | ||
| 082 | 0 | 4 | _a863N C157p |
| 245 | 1 | 0 | _aPor parte de Pa / Bartolomeu Campos Queirós ; ilustrado por Fabricio Vanden Broeck |
| 260 | _aMéxico : Fondo de Cultura Económica | ||
| 300 | _a54 P. | ||
| 650 | 1 | 4 | _aLiteratura Infanil |
| 942 | _cLGB | ||